[Event "CZE-chT2E 1617"]
[Site "Czech Republic"]
[Date "2016.11.13"]
[Round "3.5"]
[White "Bednarik, Josef"]
[Black "Fuskova, Martina"]
[Result "1/2-1/2"]
[WhiteElo "2128"]
[BlackElo "2164"]
[PlyCount "194"]
[EventDate "2016.09.10"]
[EventType "team-tourn"]
[EventRounds "11"]
[EventCountry "CZE"]
[SourceTitle "EXT 2022"]
[Source "ChessBase"]
[SourceDate "2021.10.06"]
[SourceVersion "1"]
[SourceVersionDate "2021.10.06"]
[SourceQuality "1"]
[WhiteTeam "Hostalkova"]
[BlackTeam "Stare Mesto II"]
[WhiteTeamCountry "CZE"]
[BlackTeamCountry "CZE"]

1. e4 c5 2. Nf3 Nc6 3. d4 cxd4 4. Nxd4 e5 5. Nb5 d6 6. c4 Be7 7. N1c3 a6 8. Na3 f5 9. Be2 Nf6 10. f3 f4 11. Nc2 Be6 12. b3 Qb6 13. Ba3 0-0-0 14. Qd2 g5 15. 0-0-0 h5 16. h3 Qf2 17. Bf1 Qxd2+ 18. Rxd2 Kc7 19. Be2 Rhg8 20. Nd5+ Bxd5 21. exd5 Nb8 22. Bd3 Nbd7 23. Bf5 Rdf8 24. Be6 Rg7 25. Rhd1 g4 26. hxg4 hxg4 27. c5 gxf3 28. gxf3 Rg3 29. Ne1 Ne8 30. cxd6+ Bxd6 31. Bb2 Ng7 32. Rh2 Re8 33. Bg4 Nf6 34. Rc2+ Kb8 35. Be6 Rg5 36. Bh3 Rh5 37. Bf1 Nf5 38. Ng2 Nd7 39. Re1 Rc8 40. Rxc8+ Kxc8 41. Bd3 Ng3 42. Kb1 Nc5 43. Rc1 Kd7 44. Bc2 Rh2 45. Ne1 a5 46. Rd1 Nf1 47. Bc1 Rf2 48. Bd3 Nh2 49. Bf5+ Ke7 50. Rd2 Rxd2 51. Bxd2 b6 52. Kc2 Nf1 53. Bc1 Ng3 54. Bh7 Nd7 55. Kd3 Nf6 56. Be4 Bc5 57. Bb2 Kd6 58. Kc4 Nfxe4 59. fxe4 Nxe4 60. Nf3 Be3 61. Bxe5+ Kd7 62. Bd4 Nd6+ 63. Kd3 Nf5 64. Be5 Ne7 65. Ke4 Ng6 66. Bf6 Kd6 67. Bb2 Ne7 68. Be5+ Kd7 69. Bf6 Nc8 70. Bb2 Nd6+ 71. Ke5 Nf7+ 72. Kf6 Nd6 73. Ne5+ Kc7 74. Ke6 Ne4 75. Nf3 Bc5 76. Be5+ Bd6 77. Bxd6+ Nxd6 78. Ke5 Nb5 79. Ke6 Nd6 80. a3 Ne4 81. Ke7 Nd6 82. Nd4 Nc8+ 83. Ke6 Nd6 84. a4 Ne4 85. Ke7 Nd6 86. Ne6+ Kc8 87. Nxf4 Nf5+ 88. Kf6 Nd4 89. Nd3 Kd7 90. Ke5 Nxb3 91. Nb2 Nc5 92. Kd4 Kc7 93. Ke5 Kd7 94. Kd4 Kc7 95. Kc4 Kd6 96. Kd4 Nb3+ 97. Kc4 Nc5 1/2-1/2

[Event "EU-ch U18 Girls 26th"]
[Site "Prague"]
[Date "2016.08.25"]
[Round "7"]
[White "Fuskova, Martina"]
[Black "Diakonova, Ekaterina"]
[Result "0-1"]
[WhiteElo "2063"]
[BlackElo "2172"]
[PlyCount "108"]
[EventDate "2016.08.18"]
[EventType "swiss"]
[EventRounds "9"]
[EventCountry "CZE"]
[SourceTitle "CBM 174 Extra"]
[Source "ChessBase"]
[SourceDate "2016.10.10"]
[SourceVersion "1"]
[SourceVersionDate "2016.10.10"]
[SourceQuality "1"]

1. e4 c6 2. d4 d5 3. e5 Bf5 4. Nf3 e6 5. Be2 c5 6. Be3 cxd4 7. Nxd4 Ne7 8. c4 Nbc6 9. Qa4 a6 10. Nc3 dxc4 11. 0-0-0 Qa5 12. Qxa5 Nxa5 13. Nxf5 Nxf5 14. Bb6 Nc6 15. f4 Rc8 16. Bxc4 g5 17. fxg5 Nxe5 18. Bb3 Bg7 19. Kb1 0-0 20. Rhe1 Rc6 21. Bg1 Rfc8 22. Ne4 b5 23. Nf6+ Bxf6 24. gxf6 Ng4 25. Rd7 Nxf6 26. Ra7 Ne4 27. a3 Nd2+ 28. Ka2 Nxb3 29. Kxb3 Rd8 30. Re2 h5 31. Bf2 Kg7 32. Kb4 Nd4 33. Bxd4+ Rxd4+ 34. Kb3 Kg6 35. Ra8 f6 36. Rg8+ Kf7 37. Rh8 h4 38. Rh7+ Kg6 39. Re7 e5 40. Re8 Kf5 41. Re7 Rf4 42. Re8 Re6 43. Rc8 e4 44. Kc3 Rf1 45. Rd8 Ke5 46. Rh8 Rc6+ 47. Kd2 f5 48. Rh7 Re6 49. Rxh4 Rd6+ 50. Kc2 Rc6+ 51. Kb3 Kd4 52. Rh3 Rd1 53. Ka2 f4 54. Rb3 e3 0-1

[Event "Stare Mesto op"]
[Site "Stare Mesto"]
[Date "2016.08.12"]
[Round "9"]
[White "Fuskova, Martina"]
[Black "Babula, Milan"]
[Result "1/2-1/2"]
[WhiteElo "2063"]
[BlackElo "2193"]
[PlyCount "137"]
[EventDate "2016.08.05"]
[EventType "swiss"]
[EventRounds "10"]
[EventCountry "CZE"]
[SourceTitle "CBM 173 Extra"]
[Source "ChessBase"]
[SourceDate "2016.08.29"]
[SourceVersion "1"]
[SourceVersionDate "2016.08.29"]
[SourceQuality "1"]

1. e4 e6 2. d4 d5 3. Nc3 Nf6 4. e5 Nfd7 5. f4 c5 6. Nf3 Nc6 7. Be3 a6 8. Qd2 b5 9. dxc5 Bxc5 10. Bd3 Bxe3 11. Qxe3 Qb6 12. Qf2 h6 13. 0-0 0-0 14. Rae1 b4 15. Ne2 Qxf2+ 16. Rxf2 Nc5 17. Ned4 Bd7 18. Nxc6 Bxc6 19. Nd4 Bd7 20. g4 a5 21. f5 exf5 22. gxf5 Rfe8 23. Rfe2 Nxd3 24. cxd3 Ra6 25. e6 fxe6 26. fxe6 Bc8 27. Re5 Rd6 28. Kf2 g6 29. R1e3 Kg7 30. e7 Kf6 31. Nb5 Rc6 32. Kg3 Bd7 33. Nd4 Rd6 34. h4 Kf7 35. Rf3+ Kg7 36. Rfe3 Kf6 37. Kf2 a4 38. Nc2 b3 39. axb3 axb3 40. Nb4 d4 41. Re2 Be6 42. Rc5 Rxe7 43. Rc6 Red7 44. Re4 Kf7 45. Ke2 g5 46. hxg5 hxg5 47. Rc5 Kf6 48. Ree5 Rb7 49. Rb5 Rdb6 50. Nd5+ Kxe5 51. Nxb6+ Kf6 52. Nd5+ Bxd5 53. Rxd5 Rc7 54. Rxd4 Rc2+ 55. Kf3 Rxb2 56. Rb4 Rb1 57. Rb5 b2 58. Kg2 g4 59. d4 Ke6 60. Kh2 Kd6 61. d5 Ke5 62. Kg2 Kd4 63. Rb8 Kc3 64. Rc8+ Kb4 65. Rb8+ Kc5 66. Rc8+ Kxd5 67. Rb8 Ke4 68. Re8+ Kf4 69. Rf8+ 1/2-1/2

[Event "Stare Mesto op"]
[Site "Stare Mesto"]
[Date "2016.08.08"]
[Round "5"]
[White "Fuskova, Martina"]
[Black "Kapusta, Petr"]
[Result "1-0"]
[WhiteElo "2063"]
[BlackElo "2214"]
[PlyCount "123"]
[EventDate "2016.08.05"]
[EventType "swiss"]
[EventRounds "10"]
[EventCountry "CZE"]
[SourceTitle "CBM 173 Extra"]
[Source "ChessBase"]
[SourceDate "2016.08.29"]
[SourceVersion "1"]
[SourceVersionDate "2016.08.29"]
[SourceQuality "1"]

1. e4 c5 2. Nf3 d6 3. d4 cxd4 4. Nxd4 Nf6 5. Nc3 a6 6. Be2 e5 7. Nb3 Be7 8. 0-0 Be6 9. f4 Qc7 10. Kh1 Nbd7 11. g4 exf4 12. g5 Ng8 13. Bxf4 h6 14. Nd5 Bxd5 15. Qxd5 hxg5 16. Qxf7+ Kxf7 17. Bxd6+ Ke8 18. Bxc7 Rc8 19. Bg3 Ngf6 20. Bd3 Nh5 21. Kg2 Nxg3 22. hxg3 Ne5 23. Rh1 Rxh1 24. Rxh1 Nxd3 25. Rh8+ Bf8 26. cxd3 Rc2+ 27. Kg1 Rxb2 28. Rh2 Rb1+ 29. Kf2 Bd6 30. Kf3 Rg1 31. Rg2 g4+ 32. Kf2 Rb1 33. Ke3 Rf1 34. Nd2 Re1+ 35. Kd4 Kd7 36. Nc4 Bc7 37. Ne5+ Ke6 38. Nxg4 Bb6+ 39. Kc3 Rc1+ 40. Kd2 Ra1 41. Kc3 Rc1+ 42. Kd2 Rc5 43. Ke2 Ra5 44. Kf3 Ra3 45. Rd2 Ba5 46. Rd1 Rxa2 47. d4 Rd2 48. Rxd2 Bxd2 49. d5+ Kd6 50. Ke2 Bc3 51. Kd3 Bf6 52. Nxf6 gxf6 53. Kc4 b6 54. g4 Kc7 55. e5 fxe5 56. g5 b5+ 57. Kc5 e4 58. g6 e3 59. g7 e2 60. g8Q e1Q 61. d6+ Kb7 62. Qf7+ 1-0

[Event "Vsetin op 41st"]
[Site "Vsetin"]
[Date "2016.07.07"]
[Round "7"]
[White "Fuskova, Martina"]
[Black "Skalsky, Alexandr"]
[Result "1/2-1/2"]
[WhiteElo "2077"]
[BlackElo "1993"]
[PlyCount "55"]
[EventDate "2016.07.02"]
[EventType "swiss"]
[EventRounds "9"]
[EventCountry "CZE"]
[SourceTitle "CBM 173 Extra"]
[Source "ChessBase"]
[SourceDate "2016.08.29"]
[SourceVersion "1"]
[SourceVersionDate "2016.08.29"]
[SourceQuality "1"]

1. e4 c5 2. Nf3 d6 3. d4 cxd4 4. Nxd4 Nf6 5. Nc3 a6 6. Be2 e5 7. Nb3 Be7 8. 0-0 Be6 9. f4 Qc7 10. Kh1 Nbd7 11. g4 Nb6 12. g5 Nfd7 13. f5 Bc4 14. Bxc4 Qxc4 15. a4 Rc8 16. a5 Na8 17. Be3 Nc7 18. Qf3 0-0 19. Rad1 Rfd8 20. Bb6 Bxg5 21. Rg1 Bf6 22. Rxd6 Ne8 23. Bxd8 Nxd6 24. Bxf6 Nxf6 25. Qg2 Nde8 26. Rd1 Rc7 27. Rd8 Rc8 28. Rd2 1/2-1/2

[Event "Frydek Mistek (Women)"]
[Site "Frydek Mistek"]
[Date "2016.03.25"]
[Round "6"]
[White "Fuskova, Martina"]
[Black "Miturova, Magdalena"]
[Result "1/2-1/2"]
[WhiteElo "2124"]
[BlackElo "2129"]
[PlyCount "43"]
[EventDate "2016.03.21"]
[EventType "tourn"]
[EventRounds "9"]
[EventCountry "CZE"]
[SourceTitle "CBM 171 Extra"]
[Source "ChessBase"]
[SourceDate "2016.04.26"]
[SourceVersion "1"]
[SourceVersionDate "2016.04.26"]
[SourceQuality "1"]

1. e4 e5 2. Nf3 Nc6 3. Bb5 a6 4. Ba4 Nf6 5. 0-0 Be7 6. Re1 b5 7. Bb3 d6 8. c3 0-0 9. h3 Qd7 10. d4 Re8 11. Ng5 Nd8 12. Nd2 h6 13. Ngf3 Bf8 14. a4 Bb7 15. Bc2 g6 16. Re2 Bg7 17. Qe1 Nh5 18. Nb3 exd4 19. cxd4 Ne6 20. Na5 Bc8 21. e5 d5 22. Nb3 1/2-1/2

[Event "Frydek Mistek (Women)"]
[Site "Frydek Mistek"]
[Date "2016.03.24"]
[Round "5"]
[White "Sochorova, Petra"]
[Black "Fuskova, Martina"]
[Result "0-1"]
[WhiteElo "2178"]
[BlackElo "2124"]
[PlyCount "96"]
[EventDate "2016.03.21"]
[EventType "tourn"]
[EventRounds "9"]
[EventCountry "CZE"]
[SourceTitle "CBM 171 Extra"]
[Source "ChessBase"]
[SourceDate "2016.04.26"]
[SourceVersion "1"]
[SourceVersionDate "2016.04.26"]
[SourceQuality "1"]

1. e4 c5 2. Nf3 Nc6 3. c3 d5 4. exd5 Qxd5 5. d4 Nf6 6. Be3 cxd4 7. cxd4 e6 8. Nc3 Qd8 9. a3 Be7 10. Bc4 0-0 11. 0-0 a6 12. Rc1 b5 13. Ba2 Bb7 14. d5 exd5 15. Nxd5 Nxd5 16. Bxd5 Rc8 17. Re1 Bf6 18. Bc5 Re8 19. Qb3 Qd7 20. Rxe8+ Rxe8 21. Bb6 Na5 22. Bxf7+ Qxf7 23. Qxf7+ Kxf7 24. Bxa5 Bxf3 25. gxf3 Bxb2 26. Rc7+ Re7 27. Rc6 Bxa3 28. Rxa6 Rb7 29. Bb6 Bc1 30. Ba5 b4 31. Rc6 Bg5 32. Bxb4 Rxb4 33. Rc7+ Kg6 34. Rc2 Bf6 35. Kg2 Bd4 36. Rd2 Kf5 37. Rd1 Ke5 38. Re1+ Kd5 39. Rd1 Rb2 40. Kg3 Kc4 41. Rc1+ Kd3 42. f4 Bxf2+ 43. Kg4 Be3 44. Rd1+ Rd2 45. Rxd2+ Bxd2 46. Kf5 Ke3 47. h4 Kf3 48. h5 Bxf4 0-1

[Event "Frydek Mistek (Women)"]
[Site "Frydek Mistek"]
[Date "2016.03.21"]
[Round "1"]
[White "Fuskova, Martina"]
[Black "Exler, Veronika"]
[Result "0-1"]
[WhiteElo "2124"]
[BlackElo "2239"]
[PlyCount "80"]
[EventDate "2016.03.21"]
[EventType "tourn"]
[EventRounds "9"]
[EventCountry "CZE"]
[SourceTitle "CBM 171 Extra"]
[Source "ChessBase"]
[SourceDate "2016.04.26"]
[SourceVersion "1"]
[SourceVersionDate "2016.04.26"]
[SourceQuality "1"]

1. e4 e5 2. Nf3 Nc6 3. Bb5 Nf6 4. 0-0 Nxe4 5. d4 Nd6 6. Bxc6 dxc6 7. dxe5 Nf5 8. Qxd8+ Kxd8 9. Nc3 Bd7 10. Bg5+ Kc8 11. Rad1 h6 12. Bd2 b6 13. Ne4 c5 14. Bc3 Ne7 15. Rfe1 Be6 16. a3 Kb7 17. Rd2 Nd5 18. Red1 Rd8 19. b3 Nxc3 20. Nxc3 Rxd2 21. Rxd2 Be7 22. Nd5 Bxd5 23. Rxd5 c4 24. Rd7 cxb3 25. cxb3 Rd8 26. Rxd8 Bxd8 27. Kf1 Be7 28. a4 Kc6 29. Ke2 Kd5 30. Ke3 Bc5+ 31. Ke2 Ke4 32. h4 Bb4 33. g3 Bc3 34. g4 Bxe5 35. Nxe5 Kxe5 36. Ke3 g5 37. hxg5 hxg5 38. f3 c5 39. Ke2 Kd4 40. Kd2 a6 0-1

[Event "CZE-ch U18/20 Girls"]
[Site "Doksy"]
[Date "2015.11.25"]
[Round "8"]
[White "Fuskova, Martina"]
[Black "Nemcova, Karin"]
[Result "1-0"]
[WhiteElo "2040"]
[BlackElo "1999"]
[PlyCount "85"]
[EventDate "2015.11.14"]
[EventType "swiss"]
[EventRounds "9"]
[EventCountry "CZE"]
[SourceTitle "EXT 2022"]
[Source "ChessBase"]
[SourceDate "2021.10.06"]
[SourceVersion "1"]
[SourceVersionDate "2021.10.06"]
[SourceQuality "1"]

1. e4 d5 2. exd5 Qxd5 3. Nc3 Qd6 4. d4 Nf6 5. Nf3 a6 6. Bc4 b5 7. Bb3 Bb7 8. Be3 e6 9. Qe2 Nbd7 10. 0-0-0 Nd5 11. Nxd5 Bxd5 12. Bxd5 Qxd5 13. Kb1 Bd6 14. Qd3 a5 15. Rhe1 0-0 16. Ng5 Nf6 17. Bc1 b4 18. Qf3 a4 19. Qxd5 exd5 20. c3 h6 21. Nh3 bxc3 22. bxc3 Rfe8 23. Kc2 Kf8 24. Bf4 Bxf4 25. Nxf4 Rab8 26. f3 c6 27. Nd3 Rb5 28. Rxe8+ Kxe8 29. Nc5 Ra5 30. Re1+ Kf8 31. Rb1 Ke8 32. Rb8+ Ke7 33. Rb7+ Ke8 34. Rc7 Ra8 35. Rxc6 Kd8 36. Rb6 Ra7 37. Rb4 Kc7 38. Rxa4 Rxa4 39. Nxa4 Kc6 40. Nc5 Ne8 41. Kb3 Nd6 42. Nd3 f6 43. Nb4+ 1-0

[Event "CZE-ch U18/20 Girls"]
[Site "Doksy"]
[Date "2015.11.18"]
[Round "6"]
[White "Kanakova, Natalie"]
[Black "Fuskova, Martina"]
[Result "1-0"]
[WhiteElo "2061"]
[BlackElo "2040"]
[PlyCount "61"]
[EventDate "2015.11.14"]
[EventType "swiss"]
[EventRounds "9"]
[EventCountry "CZE"]
[SourceTitle "EXT 2022"]
[Source "ChessBase"]
[SourceDate "2021.10.06"]
[SourceVersion "1"]
[SourceVersionDate "2021.10.06"]
[SourceQuality "1"]

1. e4 c5 2. Nf3 Nc6 3. d4 cxd4 4. Nxd4 e5 5. Nb5 a6 6. Nd6+ Bxd6 7. Qxd6 Qe7 8. Qd1 Nf6 9. Nc3 d6 10. Bg5 Be6 11. Nd5 Bxd5 12. exd5 Nb8 13. Be2 Nbd7 14. 0-0 0-0 15. c4 h6 16. Be3 Nh7 17. b4 f5 18. f4 b6 19. Rc1 a5 20. bxa5 Rxa5 21. fxe5 Qxe5 22. Bd4 Qe7 23. Bd3 Rxa2 24. Bxf5 Qg5 25. Rc2 Rxc2 26. Qxc2 Nhf6 27. Qf2 Ne4 28. Be6+ Kh8 29. Qxf8+ Nxf8 30. Rxf8+ Kh7 31. Bf5+ 1-0

[Event "Wch U18 Girls"]
[Site "Porto Carras"]
[Date "2015.11.04"]
[Round "10"]
[White "Velikic, Adela"]
[Black "Fuskova, Martina"]
[Result "1-0"]
[WhiteElo "2363"]
[BlackElo "2050"]
[PlyCount "53"]
[EventDate "2015.10.25"]
[EventType "swiss"]
[EventRounds "11"]
[EventCountry "GRE"]
[SourceTitle "CBM 169 Extra"]
[Source "ChessBase"]
[SourceDate "2015.12.18"]
[SourceVersion "1"]
[SourceVersionDate "2015.12.18"]
[SourceQuality "1"]

1. d4 Nf6 2. Nf3 e6 3. e3 b6 4. Bd3 Bb7 5. 0-0 c5 6. c4 cxd4 7. exd4 d5 8. cxd5 Nxd5 9. Ne5 a6 10. Re1 Nd7 11. Nc3 Bd6 12. Qg4 Bxe5 13. dxe5 g6 14. Nxd5 Bxd5 15. Bg5 Qb8 16. Qb4 Nc5 17. Bf6 Rg8 18. Bc4 Bxc4 19. Qxc4 Qb7 20. Rac1 Nd7 21. Red1 Nxf6 22. exf6 g5 23. Qa4+ b5 24. Qa5 Rc8 25. Qb6 Qb8 26. Rxc8+ Qxc8 27. Qd6 1-0

[Event "CZE-chT2F 1516"]
[Site "Czech Republic"]
[Date "2015.10.18"]
[Round "1.34"]
[White "Pacl, Vaclav"]
[Black "Fuskova, Martina"]
[Result "1-0"]
[WhiteElo "2115"]
[BlackElo "2077"]
[PlyCount "75"]
[EventDate "2015.10.18"]
[EventType "team-tourn"]
[EventRounds "11"]
[EventCountry "CZE"]
[SourceTitle "EXT 2022"]
[Source "ChessBase"]
[SourceDate "2021.10.06"]
[SourceVersion "1"]
[SourceVersionDate "2021.10.06"]
[SourceQuality "1"]
[WhiteTeam "Havirov Slovan"]
[BlackTeam "Stare Mesto II"]
[WhiteTeamCountry "CZE"]
[BlackTeamCountry "CZE"]

1. Nf3 Nf6 2. b3 d5 3. Bb2 e6 4. g3 c5 5. Bg2 Nc6 6. 0-0 Be7 7. e3 0-0 8. c4 Qc7 9. Qe2 Rd8 10. Nc3 a6 11. d3 b6 12. Rac1 Bb7 13. cxd5 exd5 14. Na4 Nd7 15. d4 Qd6 16. Nxb6 Nxb6 17. dxc5 Qc7 18. cxb6 Qxb6 19. Nd4 Nxd4 20. Bxd4 Qd6 21. Qb2 f6 22. Rfd1 Rac8 23. Bh3 Rc7 24. Rxc7 Qxc7 25. Rc1 Qa5 26. Qc2 Bd6 27. Bf5 h6 28. Be6+ Kh8 29. Qg6 Be5 30. Bxe5 fxe5 31. Bf5 Kg8 32. Qe6+ Kh8 33. Qxe5 Ba8 34. Rc7 Rg8 35. Re7 Qe1+ 36. Kg2 d4+ 37. e4 d3 38. Qd6 1-0

[Event "Stare Mesto op"]
[Site "Stare Mesto"]
[Date "2015.08.20"]
[Round "8"]
[White "Lukasiewicz, Krzysztof"]
[Black "Fuskova, Martina"]
[Result "1-0"]
[WhiteElo "2000"]
[BlackElo "2100"]
[PlyCount "85"]
[EventDate "2015.08.14"]
[EventType "swiss"]
[EventRounds "10"]
[EventCountry "CZE"]
[SourceTitle "EXT 2016"]
[Source "ChessBase"]
[SourceDate "2015.10.08"]
[SourceVersion "1"]
[SourceVersionDate "2015.10.08"]
[SourceQuality "1"]

1. e4 c5 2. Nf3 Nc6 3. d4 cxd4 4. Nxd4 e5 5. Nb5 d6 6. N1c3 a6 7. Na3 Be7 8. Nc4 b5 9. Ne3 Nf6 10. Bd3 0-0 11. 0-0 Nb4 12. Be2 Be6 13. a4 bxa4 14. Rxa4 a5 15. Bc4 Qc7 16. Qe2 Rfc8 17. b3 Qc6 18. Bb2 Bd8 19. Rd1 Bb6 20. Bxe6 fxe6 21. Nc4 Bd4 22. Rxa5 Rxa5 23. Nxa5 Qc5 24. Nc4 d5 25. exd5 exd5 26. Na4 Bxf2+ 27. Kh1 Qa7 28. Nxe5 Rxc2 29. Qb5 Qe7 30. Qb8+ Ne8 31. Ba3 Re2 32. Nf3 Nc6 33. Qb5 Nd4 34. Qxd5+ Qe6 35. Rxd4 Bxd4 36. Qxd4 Qxb3 37. Qc5 Qf7 38. h3 h6 39. Nc3 Rc2 40. Qd4 Nf6 41. Ne1 Ne4 42. Nxc2 Qf1+ 43. Kh2 1-0

[Event "Stare Mesto op"]
[Site "Stare Mesto"]
[Date "2015.08.18"]
[Round "6"]
[White "Fuskova, Martina"]
[Black "Ludvicek, Josef"]
[Result "1-0"]
[WhiteElo "2100"]
[BlackElo "1872"]
[PlyCount "63"]
[EventDate "2015.08.14"]
[EventType "swiss"]
[EventRounds "10"]
[EventCountry "CZE"]
[SourceTitle "EXT 2016"]
[Source "ChessBase"]
[SourceDate "2015.10.08"]
[SourceVersion "1"]
[SourceVersionDate "2015.10.08"]
[SourceQuality "1"]

1. e4 e6 2. d4 c5 3. Nf3 cxd4 4. Nxd4 Nc6 5. Nc3 Bc5 6. Nb3 Be7 7. Be2 Nf6 8. 0-0 0-0 9. Be3 b6 10. f4 Bb7 11. e5 Ne8 12. Bf3 f6 13. Qe2 fxe5 14. fxe5 Rf5 15. Be4 Rxf1+ 16. Rxf1 g6 17. Rd1 Qc8 18. Bf4 Nb8 19. Qd3 Bxe4 20. Nxe4 a6 21. Bg5 Qd8 22. Qe3 Bxg5 23. Nxg5 Ng7 24. Nd4 Qe7 25. Ne4 Nf5 26. Nxf5 exf5 27. Nf6+ Kg7 28. Rd6 Qd8 29. Qd4 Ra7 30. e6 Qxf6 31. Qxf6+ Kxf6 32. exd7+ 1-0

[Event "Stare Mesto op"]
[Site "Stare Mesto"]
[Date "2015.08.17"]
[Round "5"]
[White "Krizek, Frantisek"]
[Black "Fuskova, Martina"]
[Result "1/2-1/2"]
[WhiteElo "1930"]
[BlackElo "2100"]
[PlyCount "75"]
[EventDate "2015.08.14"]
[EventType "swiss"]
[EventRounds "10"]
[EventCountry "CZE"]
[SourceTitle "EXT 2016"]
[Source "ChessBase"]
[SourceDate "2015.10.08"]
[SourceVersion "1"]
[SourceVersionDate "2015.10.08"]
[SourceQuality "1"]

1. c4 Nf6 2. Nc3 e6 3. d4 Bb4 4. Qc2 b6 5. e4 Bxc3+ 6. bxc3 d6 7. Nf3 c5 8. e5 dxe5 9. dxe5 Nfd7 10. Bd3 Bb7 11. Bf4 Qc7 12. 0-0-0 Nc6 13. Rhe1 0-0-0 14. Bg3 h6 15. Qe2 Rhe8 16. Bc2 Na5 17. Nd2 Bc6 18. Ne4 Nb7 19. Nd6+ Nxd6 20. Rxd6 Nf8 21. Red1 Rxd6 22. Rxd6 Rd8 23. Rxd8+ Qxd8 24. f4 Qd7 25. Be1 Qb7 26. g3 Bf3 27. Qd3 Qc6 28. h4 Bg4 29. Qe4 Bf3 30. Qxc6+ Bxc6 31. Kd2 Bf3 32. Ke3 Bg4 33. Be4 g6 34. Bd2 h5 35. Bc6 Nd7 36. Ba4 Bf5 37. Bd1 Kc7 38. Ba4 1/2-1/2

[Event "EU-chT U18 Girls"]
[Site "Karpacz"]
[Date "2015.07.16"]
[Round "4.5"]
[White "Terbe, Julianna"]
[Black "Fuskova, Martina"]
[Result "1-0"]
[WhiteElo "2198"]
[BlackElo "2006"]
[PlyCount "69"]
[EventDate "2015.07.13"]
[EventType "team-swiss"]
[EventRounds "7"]
[EventCountry "POL"]
[SourceTitle "EXT 2017"]
[Source "ChessBase"]
[SourceDate "2016.10.25"]
[SourceVersion "1"]
[SourceVersionDate "2016.10.25"]
[SourceQuality "1"]
[WhiteTeam "Hungary U18 Girls"]
[BlackTeam "Czech Republic U18 Girls"]
[WhiteTeamCountry "HUN"]
[BlackTeamCountry "CZE"]

1. e4 c5 2. Nf3 Nc6 3. c3 d5 4. exd5 Qxd5 5. d4 e6 6. Na3 Nf6 7. Nb5 Qd8 8. dxc5 Bxc5 9. Qxd8+ Kxd8 10. Bf4 Nd5 11. Bg3 a6 12. Nd6 Ke7 13. Nxc8+ Raxc8 14. Be2 Rhd8 15. 0-0 Rd7 16. Rfe1 Rcd8 17. a3 Kf8 18. c4 Nf6 19. b4 Be7 20. Ne5 Nxe5 21. Bxe5 Rd2 22. Bf3 Rc2 23. Bxb7 Rxc4 24. Bxa6 Rc2 25. Re2 Rxe2 26. Bxe2 Rd2 27. Kf1 Nd7 28. Bf4 Rb2 29. b5 Bxa3 30. Bc1 Rb3 31. Bxa3+ Ke8 32. Bd6 Nb6 33. g3 Nd5 34. Ra7 Nc3 35. Bf3 1-0

[Event "EU-chT U18 Girls"]
[Site "Karpacz"]
[Date "2015.07.15"]
[Round "3.5"]
[White "Fuskova, Martina"]
[Black "Janzelj, Lara"]
[Result "1/2-1/2"]
[WhiteElo "2006"]
[BlackElo "2070"]
[PlyCount "145"]
[EventDate "2015.07.13"]
[EventType "team-swiss"]
[EventRounds "7"]
[EventCountry "POL"]
[SourceTitle "EXT 2017"]
[Source "ChessBase"]
[SourceDate "2016.10.25"]
[SourceVersion "1"]
[SourceVersionDate "2016.10.25"]
[SourceQuality "1"]
[WhiteTeam "Czech Republic U18 Girls"]
[BlackTeam "Slovenia U18 Girls II"]
[WhiteTeamCountry "CZE"]
[BlackTeamCountry "SLO"]

1. e4 d6 2. d4 Nf6 3. Nc3 e5 4. Nf3 Nbd7 5. Bc4 Be7 6. 0-0 0-0 7. Re1 c6 8. a4 exd4 9. Qxd4 Ne5 10. Nxe5 dxe5 11. Qxd8 Rxd8 12. h3 Rd4 13. Bd3 Be6 14. Be3 Rd7 15. Rad1 Bb4 16. Bd2 c5 17. Bb5 Rd4 18. Nb1 Bxd2 19. Rxd2 a6 20. Rxd4 exd4 21. Bf1 b5 22. axb5 axb5 23. Na3 b4 24. Nc4 Ra2 25. e5 Nd7 26. f4 Kf8 27. Rb1 Bf5 28. Bd3 Bxd3 29. cxd3 Ke7 30. Kf2 f6 31. Re1 fxe5 32. fxe5 Ke6 33. Kf3 Nb8 34. Ke4 Nc6 35. Re2 Ra1 36. h4 Rh1 37. g3 Rg1 38. Kf4 Ne7 39. Nd2 Nd5+ 40. Kf3 Ne3 41. Kf4 Kd5 42. Rf2 Re1 43. Ne4 Nd1 44. Rc2 Rf1+ 45. Kg5 Rf5+ 46. Kxf5 Ne3+ 47. Kf4 Nxc2 48. Nf2 Ne3 49. h5 b3 50. g4 h6 51. Ne4 c4 52. e6 Kxe6 53. dxc4 Nxc4 54. Nc5+ Kd5 55. Nxb3 Nxb2 56. g5 Nd3+ 57. Kf5 Ne5 58. gxh6 gxh6 59. Nd2 d3 60. Kf6 Kd4 61. Kg7 Ng4 62. Kg6 Ke3 63. Nc4+ Kf3 64. Nd2+ Kf4 65. Nb3 Kg3 66. Nd2 Kf2 67. Nb3 Ke3 68. Kf5 Nf2 69. Kg6 Ng4 70. Kf5 Kf3 71. Nd2+ Ke2 72. Nb3 Ne3+ 73. Kg6 1/2-1/2

[Event "CZE/SVK-chT (Women)"]
[Site "Ricany"]
[Date "2015.07.02"]
[Round "7"]
[White "Fuskova, Martina"]
[Black "Zlamana, Anna"]
[Result "1-0"]
[WhiteElo "1969"]
[BlackElo "1652"]
[PlyCount "53"]
[EventDate "2015.06.27"]
[EventType "team-tourn"]
[EventRounds "7"]
[EventCountry "CZE"]
[SourceTitle "EXT 2017"]
[Source "ChessBase"]
[SourceDate "2016.10.25"]
[SourceVersion "1"]
[SourceVersionDate "2016.10.25"]
[SourceQuality "1"]

1. e4 e5 2. Nf3 Nc6 3. Bc4 Nf6 4. d4 exd4 5. e5 d5 6. Bb5 Nd7 7. 0-0 Bc5 8. Bxc6 bxc6 9. Bg5 Be7 10. Bxe7 Qxe7 11. Nxd4 c5 12. Nf5 Qg5 13. Ng3 Bb7 14. f4 Qg6 15. f5 Qb6 16. e6 Nf6 17. exf7+ Kxf7 18. Nd2 Rhe8 19. Nf3 h6 20. b3 Ng4 21. Ng5+ hxg5 22. Qxg4 c4+ 23. Kh1 cxb3 24. Qh5+ Kf6 25. Qg6+ Ke7 26. f6+ gxf6 27. Rae1+ 1-0

[Event "CZE/SVK-chT (Women)"]
[Site "Ricany"]
[Date "2015.06.30"]
[Round "5"]
[White "Fuskova, Martina"]
[Black "Marikova, Jana"]
[Result "1/2-1/2"]
[WhiteElo "1969"]
[BlackElo "2164"]
[PlyCount "74"]
[EventDate "2015.06.27"]
[EventType "team-tourn"]
[EventRounds "7"]
[EventCountry "CZE"]
[SourceTitle "EXT 2017"]
[Source "ChessBase"]
[SourceDate "2016.10.25"]
[SourceVersion "1"]
[SourceVersionDate "2016.10.25"]
[SourceQuality "1"]

1. e4 c5 2. Nf3 d6 3. d4 cxd4 4. Nxd4 Nf6 5. Nc3 a6 6. Be2 e5 7. Nb3 Be7 8. 0-0 0-0 9. Kh1 b6 10. Be3 Bb7 11. f3 Nbd7 12. a4 Rc8 13. Bd3 Qc7 14. Rf2 Nc5 15. Nxc5 dxc5 16. Bc4 Rcd8 17. Rd2 Nh5 18. Qe2 Rxd2 19. Bxd2 Qc8 20. Rd1 Rd8 21. Be3 Rxd1+ 22. Qxd1 g6 23. Qd3 Ng7 24. Nd5 Bd8 25. Bf2 Nh5 26. Be3 Ng7 27. Kg1 Ne6 28. c3 Kg7 29. Bf2 f6 30. Bg3 Ng5 31. Ne3 Bc7 32. Kf2 Nf7 33. Nd5 Nd6 34. Nxc7 Qxc7 35. b3 Nxc4 36. Qxc4 Qd7 37. Ke2 Qd6 1/2-1/2